000 00537nam a2200193Ia 4500
003 GCL
008 140319s9999 xx 000 0 eng d
040 _aGCL /
_cGCL
082 0 4 _a005.3
_bG T
100 1 _aGUREWICH, ORI
245 1 0 _aTEACH YOURSELF VISUAL DBASE 5.5 PROGRAMMING IN 21 DAYS. /
_cGUREWICH, ORI
700 1 _aGUREWICH, NATHAN
260 _a[S.N] :
_bSAMS PUBLISHING ،
_c1995
300 _a565 P.
650 0 4 _aشعر الحرب
650 0 4 _aVISUAL DBASE 5.5
650 0 4 _aCOMPUTER - PROGRAMMING
942 _2ddc
_cBK
999 _c13104
_d13104